[Event "Karlstad op"]
[Site "Karlstad"]
[Date "2019.12.29"]
[Round "7"]
[White "Rosberg, Simon"]
[Black "Rishovd, Svein"]
[Result "0-1"]
[WhiteElo "2339"]
[BlackElo "2156"]
[PlyCount "104"]
[EventDate "2019.12.27"]
[EventType "swiss"]
[EventRounds "8"]
[EventCountry "SWE"]
[SourceTitle "CBM 195 Extra"]
[Source "ChessBase"]
[SourceDate "2020.05.31"]
[SourceVersion "1"]
[SourceVersionDate "2020.05.31"]
[SourceQuality "1"]

1. c4 e6 2. Nf3 Nf6 3. g3 d5 4. Bg2 dxc4 5. Qa4+ c6 6. Qxc4 b5 7. Qc2 Bb7 8. 0-0 Nbd7 9. Nc3 Be7 10. e4 0-0 11. d4 Rc8 12. e5 Nd5 13. Nxd5 cxd5 14. Qb3 b4 15. Bd2 Ba6 16. Rfc1 Bc4 17. Qe3 Qb6 18. h4 a5 19. b3 Bb5 20. Qe1 Qa6 21. Bg5 Bxg5 22. hxg5 Rxc1 23. Rxc1 Rc8 24. Nh2 Nb8 25. Nf3 Rxc1 26. Qxc1 Qc6 27. Qxc6 Nxc6 28. Bf1 Na7 29. Ne1 Bxf1 30. Kxf1 Nb5 31. Nc2 Nc3 32. a4 bxa3 33. Nxa3 Ne4 34. Ke2 Nxg5 35. f3 f6 36. Nb5 fxe5 37. dxe5 Nf7 38. f4 g5 39. Nd4 gxf4 40. gxf4 Nd8 41. Kf3 Kf7 42. Kg4 Ke7 43. Kh5 Kd7 44. Kh6 Nc6 45. Nf3 d4 46. Kxh7 d3 47. Kg6 Nd4 48. Nd2 Ke7 49. Kg5 Nxb3 50. Nxb3 a4 51. Nd2 a3 52. Nb3 a2 0-1

[Event "SWE-chT 1718 Superettan"]
[Site "Sweden"]
[Date "2018.03.18"]
[Round "9.3"]
[White "Akesson, Joel"]
[Black "Rosberg, Simon"]
[Result "1/2-1/2"]
[WhiteElo "2276"]
[BlackElo "2299"]
[PlyCount "53"]
[EventDate "2017.10.20"]
[EventType "team-tourn"]
[EventRounds "9"]
[EventCountry "SWE"]
[SourceTitle "EXT 2019"]
[Source "ChessBase"]
[SourceDate "2018.10.10"]
[SourceVersion "1"]
[SourceVersionDate "2018.10.10"]
[SourceQuality "1"]
[WhiteTeam "Manhem"]
[BlackTeam "Norrkoping Schack 08"]
[WhiteTeamCountry "SWE"]
[BlackTeamCountry "SWE"]

1. c4 c6 2. Nf3 d5 3. d4 Nf6 4. e3 Bg4 5. h3 Bxf3 6. Qxf3 e6 7. Bd3 Nbd7 8. 0-0 Bd6 9. Nd2 0-0 10. e4 dxe4 11. Nxe4 Nxe4 12. Qxe4 g6 13. Rd1 Qe7 14. Bf1 Rad8 15. Bd2 e5 16. dxe5 Nc5 17. Qe3 Qxe5 18. Qxe5 Bxe5 19. Bb4 b6 20. Ba3 Rfe8 21. Rxd8 Rxd8 22. Re1 Bf6 23. Bxc5 bxc5 24. b3 Kf8 25. g3 Rd2 26. Re2 Rxe2 27. Bxe2 1/2-1/2

[Event "Vasteras op"]
[Site "Vasteras"]
[Date "2017.09.29"]
[Round "4"]
[White "Bratholm, Palle Skov"]
[Black "Rosberg, Simon"]
[Result "0-1"]
[WhiteElo "2073"]
[BlackElo "2318"]
[PlyCount "62"]
[EventDate "2017.09.29"]
[EventType "swiss"]
[EventRounds "8"]
[EventCountry "SWE"]
[SourceTitle "EXT 2018"]
[Source "ChessBase"]
[SourceDate "2017.10.13"]
[SourceVersion "1"]
[SourceVersionDate "2017.10.13"]
[SourceQuality "1"]

1. e4 c5 2. Nf3 e6 3. g3 Nc6 4. Bg2 Nf6 5. d3 d6 6. 0-0 Be7 7. c3 0-0 8. Qe2 e5 9. h3 Re8 10. Kh2 Bf8 11. Nh4 d5 12. Nd2 Be6 13. exd5 Nxd5 14. Ne4 f6 15. Be3 b6 16. Rad1 Rc8 17. c4 Nde7 18. f4 exf4 19. Rxf4 Ng6 20. Nxg6 hxg6 21. Rdf1 Ne5 22. Rd1 f5 23. Nc3 Bd6 24. Rff1 Nc6 25. Bd5 Bxd5 26. Nxd5 Nd4 27. Qf2 Be5 28. Rde1 Rc6 29. Bf4 Rce6 30. Bxe5 Rxe5 31. Kg2 Re2 0-1

[Event "Gothenburg op"]
[Site "Gothenburg"]
[Date "2017.08.20"]
[Round "7"]
[White "Rosberg, Simon"]
[Black "Akesson, Joel"]
[Result "1/2-1/2"]
[WhiteElo "2318"]
[BlackElo "2296"]
[PlyCount "69"]
[EventDate "2017.08.18"]
[EventType "swiss"]
[EventRounds "8"]
[EventCountry "SWE"]
[SourceTitle "CBM 180 Extra"]
[Source "ChessBase"]
[SourceDate "2017.10.06"]
[SourceVersion "1"]
[SourceVersionDate "2017.10.06"]
[SourceQuality "1"]

1. c4 c5 2. g3 g6 3. Bg2 Bg7 4. Nc3 Nc6 5. a3 d6 6. Rb1 a5 7. d3 e5 8. Nf3 Nge7 9. 0-0 0-0 10. Bg5 f6 11. Bd2 Be6 12. Ne1 d5 13. cxd5 Nxd5 14. Nc2 a4 15. Ne3 Nb6 16. Bxc6 bxc6 17. Ne4 Nd7 18. Rc1 Bb3 19. Qe1 Qb6 20. Nd6 Rfb8 21. Ndc4 Qc7 22. Ba5 Qa7 23. Bc3 Qc7 24. f4 f5 25. Qf2 exf4 26. gxf4 Bd4 27. Nd2 Re8 28. Bxd4 cxd4 29. Nc2 Bxc2 30. Rxc2 Qd6 31. Nc4 Qd5 32. Qh4 Re6 33. Rf3 Rae8 34. Rh3 R8e7 35. Qf2 1/2-1/2

[Event "SWE-chT 1516 Superettan"]
[Site "Sweden"]
[Date "2016.01.15"]
[Round "5"]
[White "Rosberg, Simon"]
[Black "Petrov, Marian"]
[Result "1-0"]
[WhiteElo "2317"]
[BlackElo "2478"]
[PlyCount "63"]
[EventDate "2015.11.06"]
[EventType "team-tourn"]
[EventRounds "9"]
[EventCountry "SWE"]
[SourceTitle "EXT 2018"]
[Source "ChessBase"]
[SourceDate "2017.10.13"]
[SourceVersion "1"]
[SourceVersionDate "2017.10.13"]
[SourceQuality "1"]
[WhiteTeam "Norrkoping Schack 08"]
[BlackTeam "Umea Rockaden"]
[WhiteTeamCountry "SWE"]
[BlackTeamCountry "SWE"]

1. Nf3 g6 2. c4 Bg7 3. Nc3 d6 4. d4 Nf6 5. g3 0-0 6. Bg2 c6 7. 0-0 Qa5 8. Qc2 Qh5 9. Re1 e5 10. dxe5 dxe5 11. Nh4 Re8 12. e4 Na6 13. h3 g5 14. Bf3 g4 15. hxg4 Bxg4 16. Bxg4 Qxg4 17. Kg2 Nb4 18. Qe2 Rad8 19. f3 Qe6 20. Rd1 Rxd1 21. Nxd1 Rd8 22. Nf2 c5 23. Be3 Bf8 24. Nf5 Nc6 25. Rh1 Kh8 26. Nh3 Nd4 27. Bxd4 cxd4 28. Ng5 Qd7 29. f4 d3 30. Qd1 Nxe4 31. Rxh7+ Kg8 32. Rh8+ 1-0

[Event "Deltalift op"]
[Site "Tylosand"]
[Date "2015.05.16"]
[Round "8"]
[White "Berg, Emanuel"]
[Black "Rosberg, Simon"]
[Result "1-0"]
[WhiteElo "2553"]
[BlackElo "2262"]
[PlyCount "71"]
[EventDate "2015.05.14"]
[EventType "swiss"]
[EventRounds "8"]
[EventCountry "SWE"]
[SourceTitle "CBM 166 Extra"]
[Source "ChessBase"]
[SourceDate "2015.06.18"]
[SourceVersion "1"]
[SourceVersionDate "2015.06.18"]
[SourceQuality "1"]

1. e4 c5 2. Nf3 e6 3. d4 cxd4 4. Nxd4 Nc6 5. Nc3 Qc7 6. Be2 a6 7. Be3 Nf6 8. 0-0 Be7 9. f4 d6 10. Qe1 Nxd4 11. Bxd4 b5 12. e5 dxe5 13. fxe5 Nd7 14. Qg3 Bc5 15. Bxc5 Qxc5+ 16. Kh1 0-0 17. Rae1 Qxe5 18. Qh4 Qc7 19. Bd3 g6 20. Ne4 f5 21. Qe7 Rf7 22. Qxe6 Nf8 23. Nf6+ Kh8 24. Qd5 Bb7 25. Qd4 Qc6 26. Nh5+ Kg8 27. Be4 Qc4 28. Nf6+ Kg7 29. Ne8+ Kg8 30. Qxc4 bxc4 31. Nd6 Bxe4 32. Nxf7 Bxc2 33. Ne5 Rc8 34. Rc1 Be4 35. Nxc4 Bd3 36. Ne5 1-0

[Event "Karlstad op"]
[Site "Karlstad"]
[Date "2014.12.29"]
[Round "5"]
[White "Ernst, Thomas"]
[Black "Rosberg, Simon"]
[Result "1/2-1/2"]
[WhiteElo "2361"]
[BlackElo "2232"]
[PlyCount "100"]
[EventDate "2014.12.27"]
[EventType "swiss"]
[EventRounds "7"]
[EventCountry "SWE"]
[SourceTitle "CBM 164 Extra"]
[Source "ChessBase"]
[SourceDate "2015.03.02"]
[SourceVersion "1"]
[SourceVersionDate "2015.03.02"]
[SourceQuality "1"]

1. e4 c5 2. Nf3 e6 3. d4 cxd4 4. Nxd4 Nc6 5. Nc3 Qc7 6. g3 d6 7. Bg2 Bd7 8. Ndb5 Qb8 9. Bf4 Ne5 10. Qd4 Bxb5 11. Nxb5 a6 12. Na3 Ne7 13. Nc4 N7c6 14. Qc3 Nxc4 15. Qxc4 Ne5 16. Qe2 Qc7 17. 0-0 Rc8 18. c3 Be7 19. Rfd1 0-0 20. Bf1 Rfd8 21. Rd4 Bf6 22. Rad1 g5 23. Bxe5 dxe5 24. Rc4 Qxc4 25. Qxc4 Rxc4 26. Rxd8+ Bxd8 27. Bxc4 Kf8 28. g4 Ke7 29. Kf1 Kd6 30. Ke2 Bb6 31. b4 a5 32. f3 Kc6 33. a4 Kd6 34. h3 Bd8 35. Kd3 Bb6 36. Bb5 Bd8 37. Kc4 Bc7 38. Kb3 Bd8 39. c4 b6 40. c5+ bxc5 41. bxa5 Bxa5 42. Kc4 Bb4 43. Be8 Ke7 44. Bc6 Kd6 45. Ba8 Ba5 46. Kb5 Bd8 47. Bb7 Kc7 48. Ba8 Kd6 49. Bb7 Kc7 50. Ba6 Kd6 1/2-1/2

[Event "Karlstad op"]
[Site "Karlstad"]
[Date "2014.12.27"]
[Round "2"]
[White "Rosberg, Simon"]
[Black "Knutsson, Hakan"]
[Result "1-0"]
[WhiteElo "2232"]
[BlackElo "1954"]
[PlyCount "123"]
[EventDate "2014.12.27"]
[EventType "swiss"]
[EventRounds "7"]
[EventCountry "SWE"]
[SourceTitle "CBM 164 Extra"]
[Source "ChessBase"]
[SourceDate "2015.03.02"]
[SourceVersion "1"]
[SourceVersionDate "2015.03.02"]
[SourceQuality "1"]

1. Nf3 Nf6 2. c4 e6 3. g3 b6 4. Bg2 Bb7 5. 0-0 c5 6. Nc3 d6 7. Re1 Be7 8. e4 0-0 9. d4 cxd4 10. Nxd4 Qc8 11. Be3 Nc6 12. Ndb5 Rd8 13. f4 a6 14. Na3 Nd7 15. Rc1 Nc5 16. Nc2 Bf6 17. Qd2 a5 18. Bf2 Rb8 19. b3 Ba8 20. Nb5 Be7 21. Qe2 e5 22. f5 Rd7 23. h4 Na7 24. Nc3 Bc6 25. Ne3 Qb7 26. Ncd5 Bf8 27. h5 f6 28. h6 Rf7 29. Ng4 Bxd5 30. exd5 Qe7 31. Qd2 Kh8 32. hxg7+ Rxg7 33. Nh2 Qf7 34. Bf3 h5 35. Kg2 Rh7 36. Rb1 Bh6 37. Qd1 Bg5 38. a3 Rg8 39. b4 axb4 40. axb4 Nd7 41. Rh1 h4 42. g4 h3+ 43. Kf1 Bf4 44. Ke2 e4 45. Bxe4 Bxh2 46. Rxh2 Rxg4 47. Qh1 Qe7 48. Kd3 Ne5+ 49. Kd4 Nxc4 50. Kxc4 Rxe4+ 51. Kd3 Re5 52. Bd4 Rxf5 53. Rxh3 Nb5 54. Re1 Re5 55. Rxh7+ Qxh7+ 56. Qxh7+ Kxh7 57. Bxe5 fxe5 58. Rc1 Nd4 59. Rc6 b5 60. Rxd6 Kg7 61. Rb6 Kf7 62. Ke4 1-0

[Event "SWE-chT 1415 Superettan"]
[Site "Sweden"]
[Date "2014.11.23"]
[Round "3"]
[White "Aberg, Anton"]
[Black "Rosberg, Simon"]
[Result "1-0"]
[WhiteElo "2388"]
[BlackElo "2260"]
[PlyCount "135"]
[EventDate "2014.11.21"]
[EventType "team-tourn"]
[EventRounds "9"]
[EventCountry "SWE"]
[SourceTitle "EXT 2018"]
[Source "ChessBase"]
[SourceDate "2017.10.13"]
[SourceVersion "1"]
[SourceVersionDate "2017.10.13"]
[SourceQuality "1"]
[WhiteTeam "Kamraterna"]
[BlackTeam "Norrkoping Schack 08"]
[WhiteTeamCountry "SWE"]
[BlackTeamCountry "SWE"]

1. d4 d5 2. Nf3 Nf6 3. c4 c6 4. e3 Bg4 5. h3 Bxf3 6. gxf3 e6 7. Nc3 Be7 8. Be2 0-0 9. 0-0 Nbd7 10. b3 Rc8 11. Bb2 dxc4 12. Bxc4 Nd5 13. f4 f5 14. Qf3 Rf6 15. Rfc1 Rg6+ 16. Kh1 Rh6 17. Bf1 Bd6 18. Bg2 Nf8 19. Rg1 Ng6 20. Nxd5 exd5 21. Bf1 Qe7 22. Bd3 Nh4 23. Qe2 Rf8 24. Qc2 Qe6 25. Rg3 Ng6 26. Rag1 Be7 27. Kh2 Rf7 28. Bc1 Kh8 29. Qe2 Nf8 30. Qc2 Nd7 31. Rh1 Rh5 32. Be2 Rh4 33. Bd3 Rh5 34. Be2 Rh6 35. Bd3 g6 36. Kg1 Nf6 37. f3 Bd6 38. Rg2 Qe8 39. Kf2 Re7 40. Rgg1 Rh5 41. Bd2 Nd7 42. b4 Re6 43. a4 a6 44. Qb2 Kg8 45. Qb3 b5 46. a5 Nf6 47. Rg3 Qd7 48. Rhg1 Be7 49. Ke2 Ne8 50. Kd1 Nd6 51. Qc2 Kf7 52. Kc1 Qe8 53. Kb1 Bh4 54. R3g2 Bf6 55. Bf1 Rxh3 56. Rxg6 hxg6 57. Bxh3 Nc4 58. Bc1 Rxe3 59. Bxf5 gxf5 60. Qxf5 Re2 61. Qh7+ Ke6 62. f5+ Kd6 63. Bf4+ Ne5 64. dxe5+ Rxe5 65. Rg6 Qf8 66. Rxf6+ Qxf6 67. Qg6 Ke7 68. Bg5 1-0

[Event "Deltalift op"]
[Site "Halmstad"]
[Date "2014.05.29"]
[Round "3"]
[White "Hillarp Persson, Tiger"]
[Black "Rosberg, Simon"]
[Result "1-0"]
[WhiteElo "2556"]
[BlackElo "2255"]
[PlyCount "87"]
[EventDate "2014.03.29"]
[EventType "swiss"]
[EventRounds "8"]
[EventCountry "SWE"]
[SourceTitle "EXT 2015"]
[Source "ChessBase"]
[SourceDate "2014.11.20"]
[SourceVersion "1"]
[SourceVersionDate "2014.11.20"]
[SourceQuality "1"]

1. d4 d5 2. c4 c6 3. Nf3 Nf6 4. Nc3 dxc4 5. e3 b5 6. a4 b4 7. Na2 e6 8. Bxc4 Be7 9. Bd2 a5 10. Nc1 0-0 11. Nb3 Nbd7 12. 0-0 Bb7 13. Qe2 c5 14. Rfd1 Qb6 15. Be1 Rfd8 16. Bb5 Bd5 17. Nfd2 cxd4 18. Nxd4 e5 19. Nf5 Bf8 20. e4 Be6 21. Nc4 Qa7 22. Bd2 Bc5 23. Kh1 Bxf2 24. Ne7+ Kh8 25. Nc6 Qc5 26. Nxd8 Rxd8 27. Be3 Bxe3 28. Qxe3 Qxe3 29. Nxe3 Nxe4 30. Kg1 Nec5 31. Rac1 Nb3 32. Rc6 Nd4 33. Rd6 Rb8 34. Bxd7 Rd8 35. Rxe6 fxe6 36. Bb5 Kg8 37. Kf2 Rf8+ 38. Ke1 Nxb5 39. axb5 Rb8 40. b3 Rxb5 41. Ra1 e4 42. Nc4 Rg5 43. g3 Rh5 44. h4 1-0

[Event "Norrkoeping Easter op"]
[Site "Norrkoeping"]
[Date "2014.04.21"]
[Round "8"]
[White "Rosberg, Simon"]
[Black "Hedman, Erik"]
[Result "1/2-1/2"]
[WhiteElo "2228"]
[BlackElo "2374"]
[PlyCount "47"]
[EventDate "2014.04.18"]
[EventType "swiss"]
[EventRounds "8"]
[EventCountry "SWE"]
[SourceTitle "CBM 159 Extra"]
[Source "ChessBase"]
[SourceDate "2014.04.24"]
[SourceVersion "1"]
[SourceVersionDate "2014.04.24"]
[SourceQuality "1"]

1. Nf3 c5 2. c4 Nc6 3. d4 cxd4 4. Nxd4 Nf6 5. Nc3 e6 6. Ndb5 d6 7. Bg5 a6 8. Bxf6 gxf6 9. Na3 Qb6 10. Qd2 Bd7 11. e4 h5 12. Rb1 Qd4 13. Qxd4 Nxd4 14. Rd1 Nc6 15. Be2 h4 16. 0-0 Nb4 17. Nab1 Rc8 18. Nd2 Nc6 19. Nb3 Ne5 20. Rd4 Nc6 21. Rd2 Ne5 22. Rd4 Nc6 23. Rd2 Ne5 24. Rd4 1/2-1/2

[Event "Norrkoeping Easter op"]
[Site "Norrkoeping"]
[Date "2014.04.20"]
[Round "6"]
[White "Semcesen, Daniel"]
[Black "Rosberg, Simon"]
[Result "1-0"]
[WhiteElo "2504"]
[BlackElo "2228"]
[PlyCount "61"]
[EventDate "2014.04.18"]
[EventType "swiss"]
[EventRounds "8"]
[EventCountry "SWE"]
[SourceTitle "CBM 159 Extra"]
[Source "ChessBase"]
[SourceDate "2014.04.24"]
[SourceVersion "1"]
[SourceVersionDate "2014.04.24"]
[SourceQuality "1"]

1. d4 d5 2. c4 c6 3. Nf3 Nf6 4. Nc3 dxc4 5. a4 Bf5 6. e3 e6 7. Bxc4 Bb4 8. 0-0 0-0 9. Nh4 Nbd7 10. h3 Ne4 11. Nxf5 exf5 12. Qc2 Ndf6 13. f3 Ng3 14. Rd1 Ba5 15. Bd2 Qe7 16. Qd3 Rfe8 17. Be1 Bc7 18. Bxg3 Bxg3 19. e4 Rad8 20. Qe3 Bc7 21. e5 Qb4 22. b3 f4 23. Qc1 Nh5 24. Ne2 Bb6 25. Kh2 Rd7 26. Nxf4 Nxf4 27. Qxf4 Qc3 28. Rac1 Qb2 29. Qf5 Rde7 30. Rc2 g6 31. Qxf7+ 1-0

[Event "SWE-chT2 1314"]
[Site "Sweden"]
[Date "2014.03.08"]
[Round "8"]
[White "Rosberg, Simon"]
[Black "Holst, Conny"]
[Result "0-1"]
[WhiteElo "2237"]
[BlackElo "2160"]
[PlyCount "84"]
[EventDate "2013.11.22"]
[EventType "team-tourn"]
[EventRounds "9"]
[EventCountry "SWE"]
[SourceTitle "EXT 2015"]
[Source "ChessBase"]
[SourceDate "2014.11.20"]
[SourceVersion "1"]
[SourceVersionDate "2014.11.20"]
[SourceQuality "1"]
[WhiteTeam "Norrkoping Schack 08"]
[BlackTeam "Limhamn II"]
[WhiteTeamCountry "SWE"]
[BlackTeamCountry "SWE"]

1. Nf3 Nf6 2. c4 c5 3. Nc3 e6 4. e4 Nc6 5. Be2 a6 6. 0-0 Qc7 7. d4 cxd4 8. Nxd4 Nxd4 9. Qxd4 Bc5 10. Qd3 b6 11. Kh1 Bb7 12. f4 h5 13. Bf3 Ng4 14. Nd1 0-0-0 15. Bd2 g5 16. b4 Be7 17. c5 bxc5 18. bxc5 gxf4 19. Bxg4 hxg4 20. Bxf4 Qc6 21. Rb1 f5 22. Ne3 fxe4 23. Qd2 Bxc5 24. Rfc1 d6 25. Nc4 e3 26. Qe2 e5 27. Bg3 Qe4 28. Rb3 Rh7 29. Nxe3 Rc7 30. Rc4 Bd4 31. Rxc7+ Kxc7 32. Be1 Rf8 33. Ba5+ Kc8 34. Qc4+ Qc6 35. Qe6+ Qd7 36. Qxd7+ Kxd7 37. Rxb7+ Ke6 38. Bd2 Rf2 39. Be1 Re2 40. Bg3 Bxe3 41. Rb3 Bc5 42. a3 Ra2 0-1

[Event "SWE Cup"]
[Site "Linkoping"]
[Date "2013.09.08"]
[Round "6.1"]
[White "Rosberg, Simon"]
[Black "Lindberg, Bo"]
[Result "0-1"]
[WhiteElo "2236"]
[BlackElo "2421"]
[PlyCount "108"]
[EventDate "2013.09.06"]
[EventType "team-tourn"]
[EventRounds "7"]
[EventCountry "SWE"]
[SourceTitle "CBM 156 Extra"]
[Source "ChessBase"]
[SourceDate "2013.10.22"]
[SourceVersion "1"]
[SourceVersionDate "2013.10.22"]
[SourceQuality "1"]
[WhiteTeam "Norrkoping Schack 08"]
[BlackTeam "Team Viking"]
[WhiteTeamCountry "SWE"]
[BlackTeamCountry "SWE"]

1. Nf3 g6 2. e4 c5 3. d4 cxd4 4. Nxd4 Bg7 5. Nc3 Nc6 6. Be3 Nf6 7. Nb3 0-0 8. Be2 d6 9. 0-0 Be6 10. f3 Rc8 11. Nd5 Ne5 12. Rc1 Nc4 13. Bxc4 Rxc4 14. Qd3 b5 15. Nd2 Nxd5 16. exd5 Bf5 17. Qb3 Rc7 18. c4 bxc4 19. Rxc4 Rxc4 20. Nxc4 Qb8 21. Qxb8 Rxb8 22. b3 a6 23. Rc1 Rc8 24. Kf2 h5 25. Ke2 Bf6 26. b4 Bd7 27. Nb6 Rxc1 28. Bxc1 Bb5+ 29. Ke3 e5 30. Kf2 Bd8 31. Be3 Bxb6 32. Bxb6 Kf8 33. Ke3 Bc4 34. a4 Bxd5 35. g3 Bc6 36. a5 Ke7 37. f4 f6 38. Kd3 Ke6 39. Bd8 Bb5+ 40. Kd2 d5 41. Kc2 d4 42. Bb6 Kf5 43. Kd2 g5 44. fxe5 fxe5 45. Ke1 Ke4 46. Bc7 Kd5 47. h3 g4 48. hxg4 hxg4 49. Kd2 e4 50. Bf4 Kc4 51. Bg5 Kxb4 52. Bd8 e3+ 53. Kd1 d3 54. Bb6 Ba4+ 0-1

[Event "Norrkoeping Easter op"]
[Site "Norrkoeping"]
[Date "2010.04.03"]
[Round "4"]
[White "Alarik, Martin"]
[Black "Rosberg, Simon"]
[Result "0-1"]
[WhiteElo "1995"]
[BlackElo "2221"]
[PlyCount "44"]
[EventDate "2010.04.02"]
[EventType "swiss"]
[EventRounds "8"]
[EventCountry "SWE"]
[SourceTitle "CBM 135 Extra"]
[Source "ChessBase"]
[SourceDate "2010.05.04"]
[SourceVersion "1"]
[SourceVersionDate "2010.05.04"]
[SourceQuality "1"]

1. d4 e6 2. e4 d5 3. Nc3 Bb4 4. exd5 exd5 5. Qf3 Nc6 6. Bb5 a6 7. Bxc6+ bxc6 8. Nge2 Ne7 9. Ng3 0-0 10. 0-0 Ng6 11. Re1 f5 12. Bf4 Nxf4 13. Qxf4 Bd6 14. Qf3 f4 15. Nf1 Bf5 16. Rac1 Rb8 17. Nd1 Qf6 18. c3 Qg6 19. h3 h5 20. Nd2 Rbe8 21. Rxe8 Rxe8 22. Kh2 Bg4 0-1

[Event "SWE-ch U20"]
[Site "Kungsor"]
[Date "2009.07.11"]
[Round "13"]
[White "Rosberg, Simon"]
[Black "Abdollahzadeh, Arash"]
[Result "1/2-1/2"]
[WhiteElo "2237"]
[BlackElo "2097"]
[PlyCount "100"]
[EventDate "2009.06.28"]
[EventType "tourn"]
[EventRounds "13"]
[EventCountry "SWE"]
[SourceTitle "EXT 2024"]
[Source "ChessBase"]
[SourceDate "2023.10.10"]
[SourceVersion "1"]
[SourceVersionDate "2023.10.10"]
[SourceQuality "1"]

1. d4 f5 2. c4 Nf6 3. g3 g6 4. Bg2 Bg7 5. Nf3 0-0 6. 0-0 d6 7. Nc3 c6 8. b3 Na6 9. Rb1 Qe8 10. Ba3 b5 11. Bb2 Rb8 12. cxb5 cxb5 13. d5 b4 14. Na4 Nc7 15. Ng5 Qb5 16. Qd4 Ncxd5 17. Qxa7 e5 18. f3 h6 19. Nh3 f4 20. gxf4 Bxh3 21. Bxh3 Nxf4 22. Bg2 Nxe2+ 23. Kh1 Rb7 24. Qe3 Nd5 25. Qe4 Ndf4 26. Rfd1 d5 27. Qe3 d4 28. Qe4 Nc3 29. Bxc3 bxc3 30. Bf1 Qb4 31. a3 Qe7 32. b4 Ra7 33. Nc5 Qf6 34. a4 Qf5 35. Rdc1 Rc8 36. a5 Qxe4 37. fxe4 Bf8 38. Nd3 Nxd3 39. Bxd3 Rb8 40. a6 Bxb4 41. Kg2 Kg7 42. Kf3 Rf8+ 43. Kg2 Ba3 44. Rc2 Bb2 45. Rd1 Rf6 46. Bc4 Rc6 47. Bd3 Kf6 48. Rf1+ Kg7 49. Rd1 h5 50. Kg3 Kh6 1/2-1/2